| 000 | 00406nam a2200181Ia 4500 | ||
|---|---|---|---|
| 005 | 20240823051711.0 | ||
| 008 | 240823s9999||||xx |||||||||||||| ||und|| | ||
| 020 | _a978-81-907120-9-5 | ||
| 041 | _aTAMIL | ||
| 082 | _A294.5514 P8 | ||
| 100 | _aMuthu Rajan R | ||
| 245 | 0 | _aIyyanaar Valibaadu | |
| 250 | _a1st | ||
| 260 |
_c2008 _bNal |
||
| 500 | _aYES | ||
| 650 |
_aGeneral _bGeneral |
||
| 942 | _cBK | ||
| 999 |
_c220181 _d220181 |
||